Nagpur Agriculture College Magazine (Record no. 15698)
[ view plain ]
| 000 -LEADER | |
|---|---|
| fixed length control field | 00303nam a22000977a 4500 |
| 008 - FIXED-LENGTH DATA ELEMENTS--GENERAL INFORMATION | |
| fixed length control field | 230328b |||||||| |||| 00| 0 eng d |
| 040 ## - CATALOGING SOURCE | |
| Original cataloging agency | National Science Library |
| Transcribing agency | National Science Library |
| 245 ## - TITLE STATEMENT | |
| Title | Nagpur Agriculture College Magazine |
| 260 ## - PUBLICATION, DISTRIBUTION, ETC. | |
| Place of publication, distribution, etc. | Nagpur: |
| Name of publisher, distributor, etc. | College of Agriculture, |
| Date of publication, distribution, etc. | 1962 |
| 942 ## - ADDED ENTRY ELEMENTS (KOHA) | |
| Koha item type | Continuing Resources |
No items available.